ALIGNING STRATEGY AND SALES THE CHOICES (Record no. 23954)

MARC details
000 -LEADER
fixed length control field 00354nam a2200133Ia 4500
008 - FIXED-LENGTH DATA ELEMENTS--GENERAL INFORMATION
fixed length control field 240624s9999 xx 000 0 und d
041 ## - LANGUAGE CODE
Language code of text/sound track or separate title eng
082 ## - DEWEY DECIMAL CLASSIFICATION NUMBER
Classification number 658.8101 CES
100 ## - MAIN ENTRY--PERSONAL NAME
Personal name CESPEDES FRANK V
245 ## - TITLE STATEMENT
Title ALIGNING STRATEGY AND SALES THE CHOICES
260 ## - PUBLICATION, DISTRIBUTION, ETC.
Date of publication, distribution, etc. 2014
Place of publication, distribution, etc. Boston
Name of publisher, distributor, etc. Harvard Business Review Press
300 ## - PHYSICAL DESCRIPTION
Extent 336 : p.
365 ## - TRADE PRICE
Currency code RS
Price amount 25
Holdings
Withdrawn status Lost status Damaged status Not for loan Home library Current library Shelving location Date acquired Source of acquisition Cost, normal purchase price Full call number Barcode Date last seen Copy number Price effective from Koha item type
        IMTN IMTN Rack 36-A 01/06/2015 MB 1250.00 658.8101 CES 23954 06/24/2024 1 06/24/2024 Books
Designed & Maintained by: LRC IMT Nagpur Contact: lrc@imtnag.ac.in© 2024. All Rights Reserved.